Normal view
MARC view
- Linkov, Igor
Entry Personal Name
001 - CONTROL NUMBER
- control field: 109130
003 - CONTROL NUMBER IDENTIFIER
- control field: NUST
005 - DATE AND TIME OF LATEST TRANSACTION
- control field: 20230216103541.0
008 - FIXED-LENGTH DATA ELEMENTS
- fixed length control field: 230216|| aca||aabn | a|a d
040 ## - CATALOGING SOURCE
- Original cataloging agency: NUST
- Transcribing agency: NUST
100 ## - HEADING--PERSONAL NAME
- Personal name: Linkov, Igor
670 ## - SOURCE DATA FOUND
- Source citation: Work cat.: (NUST)0: Cyber Resilience of Systems and Networks /
